01002nam a2200277 i 4500003000900000005001700009007000300026008004100029020001500070040003000085082001300115100003400128245010300162264006900265300003700334336002700371337003400398338002800432500002300460504004300483590002700526910001400553942001400567952012600581999001700707DO-SdBNP20250702102602.0ta240918s1977 xxu 000 0 spa d a0226458059 aDO-SdBNPbspacBNPHUerda bK9612221 aKuhn, Thomas S.eautor98662414aThe essential tension : bselected studies in scientific tradition and change / cThomas S. Kuhn  1aChicago, Estados Unidos :bUniversity of Chicago Press, c1977.  axxiii, 366 páginas, c22 cm. 2rdacontentatextobtxt 2rdamediaasin mediación bn 2rdacarrieravolumenbnc aIncluye índice.  aIncluye referencias bibliográficas.  aInventariado, 2024/ YL aYLockward 2ddccLBS1 00102ddc56708GRaBNPHUbBNPHUcCTd2012-09-03eDonación l0oBNPHU GR K961p2024-5398r2024-09-18w2024-09-18yLBS1 c57718d57718